Cómo vencer el alcoholismo

Saved in:
Bibliografiske detaljer
Hovedforfatter: Coffey, Cecil (Author)
Format: Bog
Sprog:spansk
Udgivet: Bogotá Ediciones Interamericanas 1978
Fag:
Tags: Tilføj Tag
Ingen Tags, Vær først til at tagge denne postø!

MARC

LEADER 00000nam a2200000 a 4500
001 UCU2228
003 CL-VaPUC
008 960419e19780000CK |||||||||||||||||spa|d
082 0 4 |a 616.861  |b COF  |2 21 
100 0 |a Coffey, Cecil  |e author  |9 358269 
245 1 0 |a Cómo vencer el alcoholismo 
300 |a 59 p 
942 |c BK 
945 |d 19960419 00:00:00  |a mcarcey 
260 |a Bogotá  |b Ediciones Interamericanas  |c 1978 
650 0 |a Alcoholismo  |9 259651 
650 7 |a PREVENCION Y CONTROL  |2 CL-VaPUC  |9 259652 
650 7 |a EDUCACION ANTIDROGADICCION  |2 CL-VaPUC  |9 331652 
650 7 |a PSICOSIS ORGANICAS  |2 CL-VaPUC  |9 335133 
650 0 |a Adicción   |9 337026 
650 0 |a Problemas sociales  |9 258537 
583 |a last modification  |c 20170905 12:39:47  |k Rodrigo Vera 
999 |c 246597  |d 246595 
952 |0 0  |1 0  |4 0  |6 616_861000000000000_COF_1978  |7 0  |8 P  |9 261709  |a BIBEDU  |b BIBEDU  |c BIBEDU_PB  |d 2019-11-19  |i 3192504  |o 616.861 COF 1978  |p 3192504  |r 2019-11-19  |w 2019-11-19  |y BK  |k EDU